| 000 | 00545nam a2200217Ia 4500 | ||
|---|---|---|---|
| 003 | OSt | ||
| 005 | 20230620102921.0 | ||
| 008 | 210423s2003 xx 000 0 und d | ||
| 020 | _a8185938903 | ||
| 040 | _cAL | ||
| 041 | _aeng | ||
| 082 | _a660.6 KUMH | ||
| 100 |
_aKUMAR (H D). _995080 |
||
| 245 | _aTextbook on biotechnology. | ||
| 260 |
_aNew Delhi _bAffiliated East West Press Ltd _c2003 |
||
| 300 |
_axi,639 _bPB |
||
| 365 |
_b295 _cINR |
||
| 650 |
_aBiotechnology _995081 |
||
| 906 | _abiotechnology ; Textbook | ||
| 942 |
_2ddc _cBK |
||
| 999 |
_c162855 _d162855 |
||